Výročná správa o činnosti Ekonomickej univerzity v Bratislave za rok 2017

Salvato in:
Dettagli Bibliografici
Ente Autore: Ekonomická univerzita v Bratislave
Natura: Libro
Lingua:slovacco
Pubblicazione: Bratislava [Vydavateľstvo EKONÓM] 2018
Soggetti:
Tags: Aggiungi Tag
Nessun Tag, puoi essere il primo ad aggiungerne!!

MARC

LEADER 00000nam$a2200000$$$4500
001 0246132
005 20240318130049.0
041 0 |a slo 
044 |a SK 
245 1 0 |a Výročná správa o činnosti Ekonomickej univerzity v Bratislave za rok 2017 
264 1 |a Bratislava  |b [Vydavateľstvo EKONÓM]  |c 2018 
300 |a [150+44] s. 
610 2 0 |a univerzity 
610 2 0 |a školy vysoké 
610 2 0 |a štruktúra organizačná 
610 2 0 |a zamestnanci 
610 2 0 |a študenti 
610 2 0 |a aktivita pracovná 
610 2 0 |a vzdelávanie vysokoškolské 
610 2 0 |a vzdelávanie ďalšie 
610 2 0 |a odbory študijné 
610 2 0 |a práce kvalifikačné 
610 2 0 |a výskum 
610 2 0 |a projekty 
610 2 0 |a služby 
610 2 0 |a knižnice 
610 2 0 |a aktivita spoločenská 
610 2 0 |a šport 
610 2 0 |a umenie 
610 2 0 |a spolupráca medzinárodná 
610 2 0 |a dohody medzinárodné 
610 2 0 |a bilateralita 
610 2 0 |a štúdium v zahraničí 
710 2 |a Ekonomická univerzita v Bratislave